El Discurso de La Nación sobre la política exterior del Gobierno de Monge y el conflicto con Nicaragua

Uloženo v:
Podrobná bibliografie
Hlavní autor: Morales Gamboa, Abelardo
Korporativní autor: CSUCA
Médium: Text
Vydáno: San José: CSUCA
Tagy: Přidat tag
Žádné tagy, Buďte první, kdo vytvoří štítek k tomuto záznamu!

MARC

LEADER 00000 a a2200000 04500
001 21154
003
040
090 |a 091900  
100 |a Morales Gamboa, Abelardo  
110 |a CSUCA  
245 |a El Discurso de La Nación sobre la política exterior del Gobierno de Monge y el conflicto con Nicaragua  
260 |a San José:   |b CSUCA  
300 |a 49 p.  
999 |c 13998  |d 13998